006420000a22002290004500650001400000650001500014650001500029650002200044650001800066082001800084518001300102530000600115100002000121245004600141260004400187260000900231041000800240300001700248942000800265999001700273952012200290 aFine arts aAesthetics aPhilosophy aArtistic creation aPhenomenology a701.17bD876p a20020806 aM aDufrenne, Mikel aThe phenomenology of aesthetic experience aEvanstonbNorthwestern University Press c1973 aEng aLxviib578p. cGEN c27546d27546 00102ddc4070aTUCLbTUCLd2011-07-05l5m8o701.17 D876ppG53520r2024-07-28 09:53:44s2023-01-30w2011-07-05yGEN